000 00664cam a22001815a 4500
001 L156102
008 120430s1854 xxk f 000 0 eng d
035 _a(Sirsi) u156102
041 0 _aeng
100 1 _aDonaldson, John
_d1799-1876
245 0 0 _aAgricultural biography
_bcontaining a notice of the life and writings of the British authors on agriculture, from the earliest date in 1480 to the present time
260 _aLondon
_bPrinted for the Author
_cMDCCCLIV [1854]
300 _avii (i.e. viii), 137, [1] p.
_c26 cm.
583 _aCondition reviewed
_c20120620
_lcondition level 1
651 4 _aGreat Britain
_y1707-
690 _aRural
_96268
942 _n0
999 _c114032
_d114032